| 000 | 00699cam a22002177a 4500 | ||
|---|---|---|---|
| 999 |
_c56768 _d56768 |
||
| 001 | 14063033 | ||
| 005 | 20240513163523.0 | ||
| 008 | 050803s2005 enka f f 001 0 eng d | ||
| 020 | _a9780198530077x | ||
| 041 | _aeng | ||
| 080 | _a615.1 R-53 | ||
| 100 | 1 |
_aRichards, Duncan. _9269 |
|
| 245 | 1 | 0 |
_aOxford handbook of practical drug therapy / _cDuncan Richards, Jeffrey K. Aronson. |
| 264 |
_aOxford : _bOxford University Press, _c2005. |
||
| 300 |
_a699 p. : _bill. ; _c19 cm. |
||
| 653 | _aმედიცინა | ||
| 653 | _aფარმაკოლოგია | ||
| 653 | _aქიმიოთერაპია | ||
| 700 | 1 |
_aAronson, J. K. _9273 _eავტორი |
|
| 942 |
_2udc _cBK |
||